1325 1221 1154 1185 1936 1657 1337 1506 1111 1199 1828 1546 1667 1034 1019 1506 1555 1297 1892 1962 1034 1131 1779 1861 1262 1610 1368 1304 1725 1980 1458 1089 1212 1723 1868 1932 1303 1274 1701 1971 1195 1053 1736 1599 1696 1204 1063 1166 1680 1380 1573 1450 1374 1958 1860 1039 1509 1618 1450 1705 1795 1299 1202 1132 1355 1429 1824 1806 1603 1274 1692 1517 1406 1445 1352 1002 1058 1003 1769 1142 1649 1052 1451 1671 1621 1517 1258 1514 1169 1521 1108 1667 1825 1427 1807 1717 1141 1929 1627 BCNSPRNW ULIB Ver.6.0+V

เปลี่ยนเป็นภาษาไทย

Change to English
 แสดงรายละเอียดบรรณานุกรม
  กลับหน้าหลัก

Brief Record : Get Marc (ISO 2709) : E-mail record : QR code < ปิดหน้าต่าง
LEADER : 00000nam 2200000uu 4500
001    13399110645
003     ULIB
008    110606s2551||||th 000 0 tha d
020    9789747814941
060 04 WR100^bพ686ส 251
100 0  พินิจ จันทร
245 00 สูตรสวยหน้าใสด้วยสมุนไพรใกล้ตัว /^cพินิจ จันทร และคณะ
260    กรุงเทพฯ :^bฐานบุ๊ค,^c2551
300    66 หน้า :^bภาพประกอบ
650  7 สมุนไพร
650  7 ดูแลผิว
945    ^p60^l0^i027661
945    ^p60^l0^i027665
995    ทศพร
999 ^a ใช้งานได้ทุกระบบ
รายการนี้ยังไม่มีแท็ก
คุณยังไม่ได้ล็อกอิน คุณสามารถมีกิจกรรมร่วมกับเว็บไซต์ได้ แต่ต้องล็อกอินก่อน ::
  ล็อกอิน

รายการสื่อสารสนเทศ

ลำดับที่ ประเภท เลขเรียก/บาร์โค้ด สถานที่ สถานะ
- ไม่พบข้อมูล -

รายการใกล้เคียง
    ผู้แต่ง [พินิจ จันทร]

    หัวเรื่อง [สมุนไพร]

BibComment


ยังไม่เคยถูกคอมเมนท์

คอมเมนท์ทรัพยากรรายการนี้
  คอมเมนท์: สูตรสวยหน้าใสด้วย..


 Copyright 2026. Bcnsprnw @Library